000 00350nam a2200133Ia 4500
008 240624s9999 xx 000 0 und d
041 _aeng
082 _a650.108 VIN
100 _aVINNICOMBE SUSAN
245 _aHANDBOOK OF RESEARCH ON PROMOTING WOMEN
260 _c2013
_aLondon
_bEdward Elgar
300 _axxi, 503 p.; 23 cm.
365 _cBPS
_b25
999 _c32011
_d32011